00442 2200169 4500001002100000005001500021008004100036020001800077035001900095041000700114082000800121090001400129100002300143245003600166260004800202300002200250INLIS00000000002122520241224131017241224||||||||| | ||| |||| || |  a979-006-375-X 0010-1224021225 aid0 a635 a635 TIM p0 aREDAKSI AGRO MEDIA00aPetunjuk Praktis Bertanam Cabai aJAKARTA SELATANbPT AGROMEDIA PUSTAKAc2011 a86 hlm.;14,5x21cm